Excluding liability in contracts

Bibliographic Details
Format: Book

MARC

LEADER 00000nam a2200000 4500
001 0000009163
005 20220123093000.0
090 0 0 |a duplicate data 
245 0 0 |a Excluding liability in contracts   |c Chin Nyuk-Yin 
999 |a 1000037225   |b Book   |c OPEN SHELF (30 DAYS)   |e Gong Badak Campus